00485 2200169 4500001002100000005001700021006001900038008004100057020002200098035002500120090001700145100001400162245006400176260003800240700002000278990001700298INLIS00000000000837820140307110724.0a ||| | 180719| ||| |  a978-979-29-3255-3 a0010-081300000000015 a004.64 ATM m0 aHernita P00aMembuat Sendiri CCTV berkelas Enterprise dengan biaya murah aYogyakartabC.V ANDI OFFSETc20120 aEko Hari Atmoko a8543/PN/2013